Problémy financovania bytového hospodárstva z hľadiska prestavby záverečná práca postgraduálneho štúdia

Uložené v:
Podrobná bibliografia
Hlavný autor: Lacková, Juliana
Korporativný autor: Vysoká škola ekonomická v Bratislave
Ďalší autori: Petrjánošová, Božena
Médium: Kniha
Jazyk:Slovak
Vydavateľské údaje: Bratislava 1989
Tagy: Pridať tag
Žiadne tagy, Buďte prvý, kto otaguje tento záznam!

MARC

LEADER 00000nam a2200000 4500
001 c031151
005 20221215071258.3
041 0 |a slo 
044 |a SK 
245 1 0 |a Problémy financovania bytového hospodárstva z hľadiska prestavby  |b záverečná práca postgraduálneho štúdia  |c Juliana Lacková ; ved. práce Božena Petrjánošová 
264 1 |a Bratislava  |c 1989 
300 |a 66 s. 
100 1 |a Lacková, Juliana 
700 1 |a Petrjánošová, Božena 
710 2 |a Vysoká škola ekonomická v Bratislave